Auditoria energética de nivel II en el Recinto Universitario Pedro Aráuz Palacios UNI-RUPAP, 2019
La presente investigación está centrada en la elaboración de una auditoria energética de nivel II en el Recinto Universitario Pedro Aráuz Palacios UNI-RUPAP, para llevarlo a cabo se levantará un censo de todos los equipos consumidores que se encuentran en el recinto, luego se procederá a real...
| Main Authors: | , , |
|---|---|
| Other Authors: | |
| Format: | Tesis Section = Libro |
| Language: | Undetermined Spanish |
| Published: |
Managua
UNI
2020
|
| Subjects: |
| LEADER | 01411nam a2200265Ia 4500 | ||
|---|---|---|---|
| 008 | 240830s9999 xx 000 0 und d | ||
| 040 | |a BIBLIOTECA-RUPAP Mon 621.31 G643 | ||
| 041 | |a spa | ||
| 082 | |a Mon 621.31 G643 | ||
| 100 | 1 | |a González Arceda, José Danilo | |
| 100 | 1 | |b Jarquín Ortega, Juan Carlo | |
| 100 | 1 | |c Membreño Brenes, Camilo Concepción | |
| 245 | 1 | 0 | |a Auditoria energética de nivel II en el Recinto Universitario Pedro Aráuz Palacios UNI-RUPAP, 2019 |
| 260 | |a Managua |b UNI |c 2020 | ||
| 300 | |a 94 p. .IL. | ||
| 500 | |a Contiene: anexos y CD. | ||
| 502 | |a Tesis (Ingeniero Mecánico)- UNI, 2020. | ||
| 520 | 3 | |a La presente investigación está centrada en la elaboración de una auditoria energética de nivel II en el Recinto Universitario Pedro Aráuz Palacios UNI-RUPAP, para llevarlo a cabo se levantará un censo de todos los equipos consumidores que se encuentran en el recinto, luego se procederá a realizar mediciones puntuales en los equipos para determinar el consumo de energía eléctrica, así como también se evaluará la eficiencia de los equipos y que tan factible sería sustituirlos por equipos de mayor eficiencia y tecnologías ahorrativas. | |
| 650 | 7 | |a AUDITORIA ENERGETICA | |
| 650 | 7 | |b AHORRO ENERGETICO | |
| 650 | 7 | |c EFICIENCIA ENERGETICA | |
| 700 | 1 | |a Tutor: |b Pérez Palma, Donald | |
| 942 | |c BK |2 ddc | ||
| 991 | |a TESIS | ||
| 999 | |c 15730 | ||